000 00259nam a2200109Ia 4500
008 220204s9999 xx 000 0 und d
082 _a82-3
_bBLY
100 _aBlyton, Enid
245 4 _aThe Boy who wanted a dog
260 _aLondon
_bArrow
_c1982
942 _cBK
999 _c37672
_d37672